000 00435pab a2200169 454500
008 180718b2011 xxu||||| |||| 00| 0 eng d
100 _aHobolt, Sara B.
245 _aSelection and sanctioning in European parliamentary elections
260 _c2011
300 _ap.477-498.
362 _aJul
650 _aElections
700 _aHoyland, Bjorn
773 _aBritish Journal of Political Science
908 _aN
909 _a95373
999 _c95373
_d95373